Normal view
MARC view
Entry Personal Name
001 - CONTROL NUMBER
- control field: 83274
003 - CONTROL NUMBER IDENTIFIER
- control field: OSt
005 - DATE AND TIME OF LATEST TRANSACTION
- control field: 20250914132237.0
008 - FIXED-LENGTH DATA ELEMENTS
- fixed length control field: 250914|| aca||aabn | a|a d
040 ## - CATALOGING SOURCE
- Original cataloging agency: OSt
- Transcribing agency: OSt
100 ## - HEADING--PERSONAL NAME
- Personal name: Mahajan,Raj.k
670 ## - SOURCE DATA FOUND
- Source citation: Work cat.: (OSt)68120: Mahajan,Raj.k, Political Thought Of Swami Dayanand Sarawat & Swami Vivekanand, 2022









